Variation across speech and writing

Uloženo v:
Podrobná bibliografie
Hlavní autor: Biber, Douglas (Autor)
Médium: Kniha
Jazyk:angličtina
Vydáno: Cambridge Cambridge University 1991
Témata:
Tagy: Přidat tag
Žádné tagy, Buďte první, kdo vytvoří štítek k tomuto záznamu!

MARC

LEADER 00000nam a2200000 a 4500
001 UCM8721
003 CL-VaPUC
008 030321e19910000uk |||||||||||||||||eng|d
020 |a 0521425565 
082 0 4 |a 302.3  |b BIB  |2 21 
100 0 |a Biber, Douglas  |e author  |9 474888 
245 1 0 |a Variation across speech and writing 
300 |a 299 p 
942 |c BK 
945 |d 20030321 00:00:00  |a cmena 
260 |a Cambridge  |b Cambridge University  |c 1991 
650 0 |a Comunicación   |9 257251 
650 0 |a Comunicación oral  |9 307769 
650 0 |a Comunicación escrita  |9 345084 
583 |a last modification  |c 20130806 08:22:13  |k Rodrigo Vera 
999 |c 303165  |d 303163 
952 |0 0  |1 0  |4 0  |6 302_300000000000000_BIB_1991  |7 0  |8 A  |9 364294  |a FDOPOS  |b FDOPOS  |d 2019-11-21  |i 3880036  |o 302.3 BIB 1991  |p 3880036  |r 2025-01-22  |w 2019-11-21  |y BK  |k MLA 
952 |0 0  |1 0  |4 0  |6 302_300000000000000_BIB_1991  |7 0  |8 A  |9 364295  |a FDOPOS  |b FDOPOS  |d 2019-11-21  |i 3983927  |o 302.3 BIB 1991  |p 3983927  |r 2025-01-22  |w 2019-11-21  |y BK  |k MLA 
952 |0 0  |1 0  |4 0  |6 302_300000000000000_BIB_1991  |7 0  |8 A  |9 364296  |a FDOPOS  |b FDOPOS  |d 2019-11-21  |i 4035232  |o 302.3 BIB 1991  |p 4035232  |r 2025-01-22  |w 2019-11-21  |y BK  |k MLA